00429nam a2200169Ia 4500003000400000008004100004040001600045082001800061100001900079245003100098700002200129260004300151300000900194490003100203650001300234650001200247GCL140319s9999 xx 000 0 eng d aGCL / cGCL04a759.0671bC P1 aCALENO, NADINE10aPOP ART / cCALENO, NADINE1 aMARINACCE, KARINE a[S.N] : bEDITIONS DU REGARD ، c1989 a31 P aPETITE TACHE AU PAYS DEv004aPAINTING04aPOP ART